[Event "IV Torneo de Semana Santa"]
[Site "Los Llanos de Aridane"]
[Date "2019.04.14"]
[Round "3.4"]
[White "Alonso Alvarez, Aitor"]
[Black "Fernandez Gonzalez, Sergio"]
[Result "1/2-1/2"]
[WhiteElo "2284"]
[BlackElo "2089"]
[Annotator "TA"]
[PlyCount "105"]
[EventDate "2019.04.13"]
[EventType "swiss"]
[EventCountry "ESP"]
[SourceTitle "playchess.com"]
[Source "ChessBase"]
[SourceQuality "1"]

{[%evp 9,105,340,362,246,503,168,164,162,164,166,148,48,62,50,67,39,69,52,51,9,2,7,12,27,47,-4,0,-14,0,0,0,0,0,-8,10,4,16,-22,-8,-7,-12,-24,-27,-67,-70,-106,-110,-190,-189,-202,-143,-206,-208,-193,-85,-78,-64,-76,-76,-85,-47,-155,-168,-178,-178,-178,-150,-150,-154,-178,-150,-178,-178,-178,-134,-134,-134,-134,-137,-133,-143,-178,-178,-187,-107,-105,-105,-118,-112,-112,-104,-105,-104,-105,-105,-117,-104,-119]} 1. e4 e5 2. Nf3 f5 3. Nxe5 Qf6 4. d4 fxe4 (4... d6 5. Nc4 fxe4 6. Nc3 Qg6 7. g3 Nf6 8. Ne3 c6 9. d5 Nbd7 10. Nc4 Ne5 11. Nxe5 dxe5 12. dxc6 bxc6 13. Qe2 Bb4 14. Bd2 O-O {1-0 (47) Savic,M (2491)-Kojovic,D (2391) Kragujevac 2016}) 5. Bc4 d6 6. Bf7+ {C40: Latvian and Elephant Gambits} Kd8 $146 (6... Ke7 {might work better.}) ({Predecessor:} 6... Ke7 7. Qh5 h6 8. Ng6+ Kxf7 9. Nxh8+ Ke7 10. Ng6+ Kd8 11. Nc3 Be6 12. Nxf8 Qxf8 13. Nxe4 {1-0 (19) Melchor Munoz,A-Zschorn,E corr 1989}) 7. Bb3 $2 (7. Bxg8 Be6 8. Ng4) 7... Be6 $18 8. Nc3 {White is clearly better.} Bxb3 9. axb3 {[#] Threatens to win with Bg5!} Qe6 10. Qg4 ({Stronger than} 10. Nxe4 dxe5 11. Qf3 Nh6 $11) (10. Ng4 $16) 10... Qxg4 $14 11. Nxg4 Nc6 {[%cal Bb8c6,Bc6d4,Bd4e2][%mdl 32]} 12. Bg5+ Kd7 13. O-O-O h6 14. Bd2 Nxd4 15. Nxe4 Re8 16. f3 d5 17. Nc3 ({Better is} 17. Be3 $14 Ne2+ 18. Kd2 dxe4 19. Kxe2+ Bd6 20. f4 (20. Bxa7 exf3+ 21. Kxf3 b6 $17)) 17... h5 $11 18. Nf2 Ne2+ 19. Kb1 Nf6 20. Bg5 Nxc3+ 21. bxc3 Kc6 22. Nd3 Bd6 23. Rde1 Rxe1+ 24. Rxe1 Bxh2 25. Re7 Rg8 26. f4 Kd6 27. Rf7 Ne4 28. Bh4 (28. Kb2 $17) 28... Nxc3+ $19 29. Kb2 d4 30. f5 (30. Rf5 $17 {was worth a try.}) 30... Nd5 31. g3 g5 (31... b6 $19 {is more deadly.} 32. Nf2 Ne3 33. Ne4+ Kd5) 32. fxg6 $17 Rxg6 33. Rf2 Bg1 34. Rf5 Rh6 35. Bg5 (35. g4 $15) 35... Rh7 36. Bf4+ Nxf4 37. Nxf4 $19 {[%mdl 4096] Endgame KRB-KRN} h4 38. gxh4 Rxh4 39. Nd3 Be3 40. Rf6+ Ke7 41. Rg6 Bd2 {aiming for ...Bc3+.} 42. b4 Rh5 43. Kb3 Rg5 44. Rh6 b6 45. Rh7+ Kd6 46. Kc4 Be3 (46... b5+ $19 47. Kb3 a5 48. bxa5 Bxa5 49. Rh6+ Ke7 50. Rh7+ Kd6 51. Rh6+ Kd7 52. Rh7+ Kc8 53. Rh8+ Kb7) 47. Rh6+ {Black is better.} Kd7 48. Rh7+ Kc6 49. b5+ Kb7 50. Rf7 Bg1 51. Rh7 Rf5 52. Re7 Bh2 53. Re4 {Accuracy: White = 34%, Black = 63%.} 1/2-1/2

[Event "IV Torneo de Semana Santa"]
[Site "Los Llanos de Aridane"]
[Date "2019.04.14"]
[Round "3.5"]
[White "Guerra Arrocha, Daniel"]
[Black "Hernandez Leon, Alberto"]
[Result "1/2-1/2"]
[WhiteElo "2065"]
[BlackElo "2280"]
[Annotator "NA"]
[PlyCount "42"]
[EventDate "2019.04.13"]
[EventType "swiss"]
[EventCountry "ESP"]
[SourceTitle "playchess.com"]
[Source "ChessBase"]
[SourceQuality "1"]
[TimeControl "5400+30"]

1. e4 {[%emt 0:06:35]} c5 {[%emt 0:00:00]} 2. Nf3 {[%emt 0:00:06]} d6 {[%emt 0:00:00]} 3. Bb5+ {[%emt 0:00:05]} Bd7 {[%emt 0:00:34]} 4. Bxd7+ {[%emt 0:00:06]} Qxd7 {[%emt 0:00:07]} 5. O-O {[%emt 0:00:06]} Nf6 {[%emt 0:00:25]} 6. Re1 {[%emt 0:00:06]} Nc6 {[%emt 0:00:07]} 7. c3 {[%emt 0:00:04]} e6 {[%emt 0:00:21]} 8. d4 {[%emt 0:00:05]} cxd4 {[%emt 0:00:05]} 9. cxd4 {[%emt 0:00:04]} d5 {[%emt 0:00:08]} 10. e5 {[%emt 0:00:04]} Ne4 {[%emt 0:00:08]} 11. Nbd2 {[%emt 0:00:04]} Nxd2 {[%emt 0:00:07]} 12. Bxd2 {[%emt 0:00:06]} Be7 {[%emt 0:00:13]} 13. Rc1 {[%emt 0:00:05]} O-O {[%emt 0:00:11]} 14. a3 {[%emt 0:00:06]} Rfc8 {[%emt 0:00:22]} 15. Rc3 {[%emt 0:00:05]} Nd8 {[%emt 0:01:44]} 16. Rd3 {[%emt 0:02:00]} Qc7 {[%emt 0:00:51]} 17. Rc3 {[%emt 0:02:13]} Qb6 {[%emt 0:04:00]} 18. Rb3 {[%emt 0:00:10]} Qc7 {[%emt 0:00:35]} 19. Rc3 {[%emt 0:04:16]} Qb6 {[%emt 0:00:33]} 20. Rb3 {[%emt 0:04:33]} Qc7 {[%emt 0:00:12]} 21. Rc3 {[%emt 0:00:21]} Qb6 {[%emt 0:00:02]} 1/2-1/2

[Event "IV Torneo de Semana Santa"]
[Site "Los Llanos de Aridane"]
[Date "2019.04.14"]
[Round "3.6"]
[White "Hernandez Capote, Carmen"]
[Black "Rodriguez Lorenzo, Yadira"]
[Result "0-1"]
[WhiteElo "1703"]
[BlackElo "1966"]
[Annotator "NA RC"]
[PlyCount "80"]
[EventDate "2019.04.13"]
[EventType "swiss"]
[EventCountry "ESP"]
[SourceTitle "playchess.com"]
[Source "ChessBase"]
[SourceQuality "1"]
[TimeControl "5400+30"]

1. Nf3 {[%emt 0:00:00]} Nf6 {[%emt 0:00:00]} 2. c4 {[%emt 0:00:00]} e6 {[%emt 0:00:00]} 3. g3 {[%emt 0:00:00]} d5 {[%emt 0:00:15]} 4. Bg2 {[%emt 0:00:50]} Be7 {[%emt 0:00:46]} 5. O-O {[%emt 0:00:14]} O-O {[%emt 0:00:03]} 6. d4 {[%emt 0:00:09]} Nbd7 {[%emt 0:04:26]} 7. b3 {[%emt 0:02:43]} Re8 {[%emt 0:04:50] E07: Closed Catalan: Main Line (5 Nf3 0-0 6 0-0 Nbd7)} (7... dxc4 8. bxc4 c5 9. e3 Qc7 10. Qb3 b6 11. Nc3 Bb7 12. Nb5 Qc8 13. Bb2 cxd4 14. exd4 a6 15. Nc3 b5 16. cxb5 axb5 17. Rfc1 b4 {½-½ (17) Kovalyov,A (2652)-Shimanov,A (2641) Columbus 2017}) 8. Bb2 {[%emt 0:00:22]} Ne4 {[%emt 0:01:04]} 9. Nbd2 {[%emt 0:01:00]} Nxd2 $146 {[%emt 0:05:23]} ({Predecessor:} 9... Ndf6 10. Ne5 Nxd2 11. Qxd2 Bd7 12. Rfe1 Rc8 13. Rad1 c6 14. e4 Qc7 15. Rc1 dxe4 16. Bxe4 {1-0 (30) Regert,C-Gaede,D Germany 1997}) 10. Nxd2 {[%emt 0:00:55]} Nf6 {[%emt 0:00:23]} 11. e4 {[%emt 0:00:56]} dxe4 {[%emt 0:02:29]} 12. Nxe4 {[%emt 0:00:15]} Nxe4 {[%emt 0:03:18]} 13. Bxe4 {[%emt 0:02:13]} Bf6 {[%emt 0:00:01]} 14. Qc2 {[%emt 0:01:39]} Bxd4 {[%emt 0:12:39]} 15. Rad1 {[%emt 0:01:21]} e5 {[%emt 0:02:03]} 16. Bxh7+ {[%emt 0:01:44]} Kh8 {[%emt 0:00:01]} 17. Bf5 {[%emt 0:01:57]} c5 {[%emt 0:00:32]} 18. h4 {[%emt 0:06:44]} Qf6 {[%emt 0:06:45]} 19. Bxc8 {[%emt 0:01:50]} Raxc8 {[%emt 0:00:02]} 20. Bc1 {[%emt 0:00:44]} e4 {[%emt 0:02:35]} 21. Qe2 {[%emt 0:06:14]} Qg6 {[%emt 0:10:37]} 22. Kg2 {[%emt 0:03:52]} Rc6 {[%emt 0:02:48]} 23. h5 {[%emt 0:08:19]} Qf5 {[%emt 0:10:01]} 24. Be3 {[%emt 0:07:43]} Qe5 {[%emt 0:02:31]} 25. Rh1 {[%emt 0:02:53]} Rf6 {[%emt 0:01:29]} 26. h6 {[%emt 0:10:41]} ({Better is} 26. Rh4 $11) 26... g6 {[%emt 0:02:20]} 27. Bf4 {[%emt 0:05:27]} (27. Qd2 $15) 27... Qf5 {[%emt 0:01:09]} 28. b4 $17 {[%emt 0:07:15]} (28. h7 $15) 28... b6 {[%emt 0:02:23]} 29. bxc5 {[%emt 0:01:51]} bxc5 {[%emt 0:00:08]} 30. Rb1 {[%emt 0:02:14]} g5 {[%emt 0:00:42]} 31. Rh5 {[%emt 0:00:21]} gxf4 {[%emt 0:00:14]} 32. Rxf5 {[%emt 0:02:21]} f3+ {[%emt 0:00:08]} 33. Kg1 {[%emt 0:00:18]} fxe2 {[%emt 0:00:05]} 34. Rxf6 {[%emt 0:00:21]} Bxf6 {[%emt 0:00:07]} 35. Re1 {[%emt 0:00:41]} Kh7 {[%emt 0:00:38]} 36. Rxe2 {[%emt 0:01:03]} Kxh6 {[%emt 0:00:14]} 37. f4 {[%emt 0:01:39]} Bd4+ {[%emt 0:00:29]} 38. Kg2 {[%emt 0:00:19]} f5 {[%emt 0:00:08]} 39. Re1 {[%emt 0:01:20]} Rb8 {[%emt 0:00:05]} 40. Re2 {[%emt 0:00:36]} Rb2 {[%emt 0:00:27]} 0-1

[Event "IV Torneo de Semana Santa"]
[Site "Los Llanos de Aridane"]
[Date "2019.04.14"]
[Round "3.7"]
[White "Haertl, Siegfried"]
[Black "Nordgreen, Jan Thomas"]
[Result "1-0"]
[WhiteElo "1911"]
[BlackElo "1451"]
[Annotator "NA"]
[PlyCount "67"]
[EventDate "2019.04.13"]
[EventType "swiss"]
[EventCountry "ESP"]
[SourceTitle "playchess.com"]
[Source "ChessBase"]
[SourceQuality "1"]
[TimeControl "5400+30"]

1. d4 {[%emt 0:00:39]} Nf6 {[%emt 0:00:00]} 2. Nf3 {[%emt 0:00:59]} g6 {[%emt 0:00:00]} 3. c4 {[%emt 0:00:16]} Bg7 {[%emt 0:00:09]} 4. Nc3 {[%emt 0:00:09]} d6 {[%emt 0:00:18]} 5. e4 {[%emt 0:00:17]} Bg4 {[%emt 0:00:18]} 6. Be2 {[%emt 0:00:48]} O-O {[%emt 0:00:27]} 7. h3 {[%emt 0:02:33]} Bxf3 {[%emt 0:00:17]} 8. Bxf3 {[%emt 0:01:03]} Nc6 {[%emt 0:03:47]} 9. Be3 {[%emt 0:00:29]} Qd7 {[%emt 0:01:24]} 10. Qd2 {[%emt 0:01:16]} Rad8 {[%emt 0:02:01]} 11. O-O {[%emt 0:02:01]} e6 {[%emt 0:01:24]} 12. Rab1 {[%emt 0:01:08]} Rc8 {[%emt 0:04:29]} 13. b4 {[%emt 0:00:56]} Ne7 {[%emt 0:01:06]} 14. Bh6 {[%emt 0:03:52]} d5 {[%emt 0:00:46]} 15. Bxg7 {[%emt 0:01:21]} Kxg7 {[%emt 0:00:08]} 16. e5 {[%emt 0:00:21]} Nfg8 {[%emt 0:00:52]} 17. cxd5 {[%emt 0:03:56]} Nxd5 {[%emt 0:00:20]} 18. Bxd5 {[%emt 0:00:38]} exd5 {[%emt 0:00:09]} 19. f4 {[%emt 0:01:36]} Ne7 {[%emt 0:01:22]} 20. Nd1 {[%emt 0:03:45]} b6 {[%emt 0:01:03]} 21. Rc1 {[%emt 0:02:05]} Qb5 {[%emt 0:01:29]} 22. Ne3 {[%emt 0:00:51]} c5 {[%emt 0:03:18]} 23. bxc5 {[%emt 0:00:31]} bxc5 {[%emt 0:00:11]} 24. f5 {[%emt 0:01:06]} gxf5 {[%emt 0:02:15]} 25. Nxf5+ {[%emt 0:02:50]} Nxf5 {[%emt 0:00:07]} 26. Qg5+ {[%emt 0:00:18]} Kh8 {[%emt 0:00:23]} 27. Qxf5 {[%emt 0:00:09]} Qb4 {[%emt 0:01:19]} 28. Qf6+ {[%emt 0:00:36]} Kg8 {[%emt 0:00:15]} 29. Rf4 {[%emt 0:00:09]} Qxd4+ {[%emt 0:02:26]} 30. Rxd4 {[%emt 0:00:46]} cxd4 {[%emt 0:00:03]} 31. Rxc8 {[%emt 0:00:41]} Rxc8 {[%emt 0:00:08]} 32. e6 {[%emt 0:01:07]} Rc1+ {[%emt 0:00:13]} 33. Kh2 {[%emt 0:00:16]} fxe6 {[%emt 0:00:13]} 34. Qg5+ {[%emt 0:01:09]} 1-0

[Event "IV Torneo de Semana Santa"]
[Site "Los Llanos de Aridane"]
[Date "2019.04.15"]
[Round "4.1"]
[White "Acosta Sosa, Juan Manuel"]
[Black "Rodriguez Ferraz, Borja"]
[Result "0-1"]
[WhiteElo "2287"]
[BlackElo "2212"]
[Annotator "RC"]
[PlyCount "120"]
[EventDate "2019.04.13"]
[EventType "swiss"]
[EventCountry "ESP"]
[SourceTitle "playchess.com"]
[Source "ChessBase"]
[SourceQuality "1"]
[TimeControl "5400+30"]

1. c4 {[%emt 0:00:00]} Nf6 {[%emt 0:00:00]} 2. Nc3 {[%emt 0:00:00]} e6 {[%emt 0:00:00]} 3. e4 {[%emt 0:00:28]} d6 {[%emt 0:01:12]} 4. d4 {[%emt 0:01:08]} Nbd7 {[%emt 0:00:10]} 5. Nf3 {[%emt 0:00:32]} c5 {[%emt 0:02:42]} 6. d5 {[%emt 0:00:30]} e5 {[%emt 0:03:24]} 7. Be2 {[%emt 0:04:07]} g6 {[%emt 0:00:11]} 8. h3 {[%emt 0:05:37]} Bg7 {[%emt 0:00:16]} 9. g4 {[%emt 0:03:26]} O-O {[%emt 0:02:17]} 10. Bg5 {[%emt 0:01:21]} a6 {[%emt 0:01:20]} 11. a4 {[%emt 0:03:51]} Qa5 {[%emt 0:05:33]} 12. Kf1 {[%emt 0:04:26]} Kh8 {[%emt 0:07:44]} 13. Ra3 {[%emt 0:09:05]} Qc7 {[%emt 0:01:29]} 14. Bd2 {[%emt 0:04:29]} Rb8 {[%emt 0:06:35]} 15. Qc1 {[%emt 0:03:24]} Ng8 {[%emt 0:07:13]} 16. h4 {[%emt 0:00:40]} Ndf6 {[%emt 0:00:26]} 17. g5 {[%emt 0:06:23]} Nh5 {[%emt 0:01:14]} 18. Ng1 {[%emt 0:07:49]} f5 {[%emt 0:01:39]} 19. Bxh5 {[%emt 0:00:31]} gxh5 {[%emt 0:00:02]} 20. Nge2 {[%emt 0:03:24]} Qf7 {[%emt 0:00:13]} 21. Rh2 {[%emt 0:04:24]} Ne7 {[%emt 0:00:34]} 22. Qd1 {[%emt 0:03:21]} f4 {[%emt 0:05:41]} 23. Rb3 {[%emt 0:02:15]} Qg6 {[%emt 0:02:21]} 24. f3 {[%emt 0:01:34]} h6 {[%emt 0:00:48]} 25. gxh6 {[%emt 0:00:08]} Bxh6 {[%emt 0:00:18]} 26. Be1 {[%emt 0:00:34]} Qg8 {[%emt 0:15:33]} 27. Bf2 {[%emt 0:02:08]} Rf6 {[%emt 0:00:10]} 28. a5 {[%emt 0:02:08]} Rg6 {[%emt 0:00:12]} 29. Rb6 {[%emt 0:03:36]} Bd7 {[%emt 0:11:44]} 30. Qb3 {[%emt 0:01:09]} Qc8 {[%emt 0:00:34]} 31. Qa3 {[%emt 0:02:18]} Qc7 {[%emt 0:01:23]} 32. b4 {[%emt 0:03:55]} Nc8 {[%emt 0:01:08]} 33. bxc5 {[%emt 0:00:34]} Nxb6 {[%emt 0:00:08]} 34. axb6 {[%emt 0:00:09]} Qc8 {[%emt 0:00:13]} 35. Qb2 {[%emt 0:01:56]} dxc5 {[%emt 0:01:36]} 36. Nc1 {[%emt 0:00:50]} Bf8 {[%emt 0:14:15]} 37. Nd3 {[%emt 0:00:58]} Bd6 {[%emt 0:00:29]} 38. Ne2 {[%emt 0:00:17]} Kh7 {[%emt 0:01:55]} 39. Nxe5 {[%emt 0:06:25]} Qh8 {[%emt 0:00:13]} 40. Nd3 {[%emt 0:00:03]} Qxb2 {[%emt 0:00:09]} 41. Nxb2 {[%emt 0:00:03]} a5 {[%emt 0:00:42]} 42. Nd3 {[%emt 0:00:17]} Rc8 {[%emt 0:01:41]} 43. Nc3 {[%emt 0:00:28]} Bf8 {[%emt 0:00:53]} 44. e5 {[%emt 0:01:21]} Rxb6 {[%emt 0:00:27]} 45. Nxf4 {[%emt 0:01:43]} a4 {[%emt 0:01:38]} 46. Nxh5 {[%emt 0:02:28]} Bf5 {[%emt 0:00:36]} 47. Nf6+ {[%emt 0:01:32]} Kh8 {[%emt 0:00:32]} 48. Nfe4 {[%emt 0:01:00]} a3 {[%emt 0:00:32]} 49. Bg3 {[%emt 0:02:08]} Rb2 {[%emt 0:01:15]} 50. d6 {[%emt 0:01:15]} Ra8 {[%emt 0:01:29]} 51. Nxc5 {[%emt 0:01:27]} a2 {[%emt 0:00:53]} 52. Nxa2 {[%emt 0:00:22]} Rxh2 {[%emt 0:00:41]} 53. Bxh2 {[%emt 0:00:06]} Rxa2 {[%emt 0:00:06]} 54. e6 {[%emt 0:00:25]} Rxh2 {[%emt 0:01:10]} 55. e7 {[%emt 0:00:38]} Bxe7 {[%emt 0:00:06]} 56. dxe7 {[%emt 0:00:01]} Bg6 {[%emt 0:00:09]} 57. Ne4 {[%emt 0:01:45]} Ra2 {[%emt 0:01:12]} 58. Nd6 {[%emt 0:00:16]} Ra8 {[%emt 0:00:11]} 59. f4 {[%emt 0:00:07]} Kg7 {[%emt 0:00:16]} 60. f5 {[%emt 0:00:11]} Be8 {[%emt 0:00:19]} 0-1

[Event "IV Torneo de Semana Santa"]
[Site "Los Llanos de Aridane"]
[Date "2019.04.15"]
[Round "4.2"]
[White "Molina Rodriguez, Borja"]
[Black "Brito Garcia, Alfredo"]
[Result "0-1"]
[WhiteElo "2070"]
[BlackElo "2311"]
[Annotator "RC"]
[PlyCount "62"]
[EventDate "2019.04.13"]
[EventType "swiss"]
[EventCountry "ESP"]
[SourceTitle "playchess.com"]
[Source "ChessBase"]
[SourceQuality "1"]
[TimeControl "5400+30"]

1. e4 {[%emt 0:00:00]} d6 {[%emt 0:00:04]} 2. d4 {[%emt 0:00:00]} Nf6 {[%emt 0:00:13]} 3. Nc3 {[%emt 0:00:05]} e5 {[%emt 0:00:09]} 4. Nf3 {[%emt 0:00:36]} Nbd7 {[%emt 0:00:37]} 5. Bc4 {[%emt 0:00:58]} Be7 {[%emt 0:00:29]} 6. dxe5 {[%emt 0:04:43]} dxe5 {[%emt 0:07:53]} 7. Bxf7+ {[%emt 0:03:14]} Kxf7 {[%emt 0:00:33]} 8. Ng5+ {[%emt 0:00:13]} Kg8 {[%emt 0:00:37]} 9. Ne6 {[%emt 0:00:28]} Qe8 {[%emt 0:01:02]} 10. Nxc7 {[%emt 0:01:09]} Qg6 {[%emt 0:06:55]} 11. Nxa8 {[%emt 0:01:12]} Qxg2 {[%emt 0:14:48]} 12. Rf1 {[%emt 0:00:48]} h6 {[%emt 0:00:13]} 13. Qe2 {[%emt 0:06:51]} Ng4 {[%emt 0:20:19]} 14. Be3 {[%emt 0:10:30]} Nxh2 {[%emt 0:05:22]} 15. O-O-O {[%emt 0:03:25]} Nxf1 {[%emt 0:00:31]} 16. Rxf1 {[%emt 0:05:07]} Bg5 {[%emt 0:06:40]} 17. Qc4+ {[%emt 0:22:33]} Kh7 {[%emt 0:00:56]} 18. Rd1 {[%emt 0:14:32]} Nf6 {[%emt 0:03:57]} 19. Nc7 {[%emt 0:03:33]} Bxe3+ {[%emt 0:03:54]} 20. fxe3 {[%emt 0:00:02]} Bg4 {[%emt 0:00:46]} 21. Rf1 {[%emt 0:08:22]} Rd8 {[%emt 0:03:21]} 22. b3 {[%emt 0:02:26]} Rd2 {[%emt 0:09:59]} 23. Rxf6 {[%emt 0:01:51]} Rxc2+ {[%emt 0:00:16]} 24. Kb1 {[%emt 0:00:06]} Rxc3 {[%emt 0:02:21]} 25. Rxh6+ {[%emt 0:00:18]} Kxh6 {[%emt 0:00:11]} 26. Qxc3 {[%emt 0:00:07]} Bf3 {[%emt 0:03:37]} 27. Qxe5 {[%emt 0:07:07]} Bxe4+ {[%emt 0:00:07]} 28. Ka1 {[%emt 0:00:05]} Qc2 {[%emt 0:01:04]} 29. Qf4+ {[%emt 0:02:11]} g5 {[%emt 0:01:05]} 30. Qf6+ {[%emt 0:00:16]} Kh5 {[%emt 0:00:26]} 31. Qf7+ {[%emt 0:00:35]} Kh4 {[%emt 0:00:17]} 0-1

[Event "IV Torneo de Semana Santa"]
[Site "Los Llanos de Aridane"]
[Date "2019.04.15"]
[Round "4.3"]
[White "Rodriguez Lorenzo, Yadira"]
[Black "Alonso Alvarez, Aitor"]
[Result "0-1"]
[WhiteElo "1966"]
[BlackElo "2284"]
[Annotator "TA"]
[PlyCount "74"]
[EventDate "2019.04.13"]
[EventType "swiss"]
[EventCountry "ESP"]
[SourceTitle "playchess.com"]
[Source "ChessBase"]
[SourceQuality "1"]

{[%evp 17,74,2,2,2,0,0,14,17,45,39,69,58,61,27,172,27,47,14,20,18,22,29,30,33,66,65,80,47,54,68,88,63,64,64,71,68,62,47,54,-150,-192,-150,-177,-183,-174,-295,-289,-290,-292,-298,-272,-266,-233,-264,-247,-292,-300,-419,-426]} 1. e4 c5 2. Nf3 Nc6 3. d4 cxd4 4. Nxd4 g6 5. Nxc6 bxc6 6. Bc4 Bg7 7. O-O Nf6 {[%cal Bg8f6,Bf6d7,Bd7e5,Be5c4][%mdl 32]} 8. Nc3 O-O 9. Bb3 d6 {LiveBook: 4 Games} 10. Re1 {B70: Sicilian Dragon: 6 g3 and 6 Be2 (without a later Be3)} Nd7 11. Be3 c5 $146 ({Predecessor:} 11... a5 12. Qd2 Qc7 13. Rad1 Nb6 14. a4 Ba6 15. Bh6 c5 16. Bxg7 Kxg7 17. Nd5 Nxd5 18. Bxd5 Rab8 19. Qc3+ Kg8 20. e5 dxe5 21. Rxe5 e6 22. Bf3 {½-½ (22) Andres Gonzalez,I (2354)-Gonzalez Perez,A (2480) Caldas da Rainha 2014}) 12. Qd2 {The position is equal.} Ne5 13. Bg5 Bd7 14. Nd5 Re8 15. c3 (15. f4 $5 {[%cal Rf4e5]} Nc6 16. c3 $11) 15... Rb8 {[#]} (15... c4 $11 {and Black stays safe.} 16. Bc2 Bc6) 16. Rab1 ({White should try} 16. Nxe7+ $1 $18 Rxe7 17. Qxd6) 16... Bb5 $11 17. Bc2 (17. f4 $5 {[%cal Rf4e5]} Nc4 18. Qd1 $11) 17... Nc4 18. Qc1 Rb7 19. b3 Ne5 20. Qd2 Qa5 21. a4 Bc6 22. b4 Qd8 23. bxc5 f6 {[#] aiming for ...Rxb1.} 24. Bf4 dxc5 {Hoping for ...e6.} 25. Bxe5 fxe5 26. Rxb7 Bxb7 27. Rb1 Ba6 {And now ...e6 would win.} 28. Qe3 $2 (28. Rd1 $14 {keeps the upper hand.} e6 29. Ne3 Qxd2 30. Rxd2) 28... e6 $17 29. Qxc5 {Strongly threatening Nc7.} exd5 30. exd5 Qd7 31. Qa5 (31. d6 $142) 31... Bc4 $19 32. Be4 Bf8 33. d6 Qxd6 ({Much less strong is} 33... Bxd6 34. Rb7 $19) 34. Qxa7 Rd8 {( -> ...Qd1+!)} 35. h3 Qc5 36. Qxc5 Bxc5 37. a5 Rd2 {Precision: White = 51%, Black = 54%.} 0-1

[Event "IV Torneo de Semana Santa"]
[Site "Los Llanos de Aridane"]
[Date "2019.04.15"]
[Round "4.4"]
[White "Hernandez Leon, Alberto"]
[Black "Haertl, Siegfried"]
[Result "1-0"]
[WhiteElo "2280"]
[BlackElo "1911"]
[Annotator "NA RC"]
[PlyCount "43"]
[EventDate "2019.04.13"]
[EventType "swiss"]
[EventCountry "ESP"]
[SourceTitle "playchess.com"]
[Source "ChessBase"]
[SourceQuality "1"]
[TimeControl "5400+30"]

1. d4 {[%emt 0:00:00]} d5 {[%emt 0:00:00]} 2. c4 {[%emt 0:00:00]} c6 {[%emt 0:00:22]} 3. Nf3 {[%emt 0:00:07]} Nf6 {[%emt 0:00:21]} 4. e3 {[%emt 0:00:21]} e6 {[%emt 0:02:05]} 5. Nbd2 {[%emt 0:00:14]} Be7 {[%emt 0:00:19]} 6. Bd3 {[%emt 0:00:11]} O-O {[%emt 0:00:21]} 7. O-O {[%emt 0:00:15]} b6 {[%emt 0:00:38]} 8. e4 {[%emt 0:02:01]} dxe4 {[%emt 0:00:26]} 9. Nxe4 {[%emt 0:00:07]} Bb7 {[%emt 0:00:12]} 10. Qe2 {[%emt 0:04:40]} Nbd7 {[%emt 0:00:37]} 11. Rd1 {[%emt 0:12:51] D46: Semi-Slav: 5 e3 Nbd7 6 Bd3, Black avoids the Meran} (11. Nxf6+ Nxf6 12. Bg5 Qc7 13. Rfe1 Rfe8 14. Bc2 Rad8 15. a3 h6 16. Bh4 c5 17. d5 g5 18. Bg3 Bd6 {½-½ (34) Sjugirov,S (2669)-Potkin,V (2605) Moscow 2015}) 11... Re8 {[%emt 0:05:10]} 12. Ne5 {[%emt 0:11:28]} Nxe4 {[%emt 0:04:49]} 13. Qxe4 $146 {[%emt 0:02:10]} ({Predecessor:} 13. Bxe4 Nxe5 14. dxe5 Qc7 15. Rd3 Rad8 {½-½ (46) Serdt,S (2302)-Buzeti,J (2128) Celje 2007}) 13... Nf6 {[%emt 0:00:11]} 14. Qf3 {[%emt 0:01:58]} Qc8 {[%emt 0:01:20]} 15. Bg5 {[%emt 0:07:22]} c5 {[%emt 0:03:07]} 16. Qg3 {[%emt 0:14:18]} cxd4 {[%emt 0:03:21]} 17. Qh4 {[%emt 0:07:40]} Qc7 {[%emt 0:07:32]} 18. Ng4 {[%emt 0:13:39]} Ne4 $1 {[%emt 0:07:32]} 19. Bxe4 $11 {[%emt 0:00:24]} Bxg5 {[%emt 0:04:32]} 20. Qxg5 {[%emt 0:01:07]} Bxe4 {[%emt 0:00:42]} 21. Qh4 {[%emt 0:00:46]} Bb7 {[%emt 0:00:01]} 22. Nf6+ 1-0

[Event "IV Torneo de Semana Santa"]
[Site "Los Llanos de Aridane"]
[Date "2019.04.15"]
[Round "4.5"]
[White "Hernandez Leon, Sergio"]
[Black "Guerra Arrocha, Daniel"]
[Result "0-1"]
[WhiteElo "2157"]
[BlackElo "2065"]
[Annotator "TA"]
[PlyCount "56"]
[EventDate "2019.04.13"]
[EventType "swiss"]
[EventCountry "ESP"]
[SourceTitle "playchess.com"]
[Source "ChessBase"]
[SourceQuality "1"]

{[%evp 14,56,29,25,30,32,36,21,27,30,25,30,25,22,16,0,9,0,0,-13,-23,-50,0,0,0,0,76,79,98,100,124,92,183,197,241,242,1531,1479,29980,29981,29981,29982,6406,6014,29997]} 1. e4 {[%cal Be2e4,Be4e5][%mdl 32]} e6 2. d4 d5 3. Bd3 Nf6 4. e5 Nfd7 5. f4 (5. c3 c5 6. Nf3 Nc6 7. O-O Qb6 8. Bc2 Be7 9. a3 a5 10. Re1 f6 11. exf6 Nxf6 12. Qd3 Bd7 13. Nbd2 cxd4 14. cxd4 O-O 15. b3 Rac8 {1-0 (57) Onischuk,V (2623)-Krishna,C (2380) Bastia 2017}) 5... c5 6. c3 {C01: French: Exchange Variation} Nc6 7. Nf3 Qb6 8. Bc2 {LiveBook: 6 Games. White has an edge.} cxd4 9. cxd4 Nb4 10. O-O Nxc2 11. Qxc2 Be7 12. Nc3 O-O 13. Be3 $146 f5 14. Kh1 Qd8 15. Rg1 Nb6 16. Raf1 Bd7 17. g4 Rc8 18. Qg2 {aiming for gxf5.} g6 19. h4 {[%cal Bh2h4,Bh4h5][%mdl 32]} fxg4 (19... Qe8 $11) 20. Qxg4 $16 {Strongly threatening h5.} Rf5 21. h5 $1 Qf8 22. Rf2 {[%cal Bf1f2,Bf2h2,Bh2h7][%mdl 32]} Be8 {[#]} (22... Nc4 $16 23. Bc1 Qg7) 23. Rh2 $1 $18 (23. hxg6 $6 Bxg6 24. Rh2 Kf7 $14) 23... Nc4 24. hxg6 $40 {[%mdl 128] White wants a kill.} Bxg6 $2 {[#]} ({Avoid the trap} 24... h5 $2 25. Rxh5 Rxh5+ 26. Qxh5 $18) (24... hxg6 25. Bc1 (25. Qh3 Qg7 $16) 25... Nb6) 25. Rxh7 $3 {[%mdl 576] Remove Defender, Decoy} Kxh7 26. Qxg6+ {[%mdl 64] Double Attack} Kh8 27. Rg2 Bh4 28. Rh2 Nb6 {[%mdl 32768] Accuracy: White = 72%, Black = 34%. . Loss on time!?} 0-1